000 00656nam a2200193Ii 4500
003 JO-AjNU
008 230605s9999||||xx |||||||||||||| ||und||
040 _aJO-AjNU
_bara
_erda
_cJO-AjNU
041 _aara
050 1 4 _aZ6001.Q24 1998
100 3 _aالقايدي، سيف سالم ,
_eauthor
_945435
245 0 0 _aمراجع مختارة في الجغرافيا، ج1
264 3 1 _aالامارات :دار الفجيرة الوطنية ، 1998
300 _aج1، 120ص
336 _atext
_btxt
_2rdacontent
337 _aunmediated
_bn
_2rdamedia
338 _avolume
_bnc
_2rdacarrier
650 4 _aالجغرافيا-ببلوجرافيات
_945436
999 _aA19695
_c23263
_d23263